[Event "28th WSCC2018 - Open 50+"]
[Site "Bled"]
[Date "2018.11.25"]
[Round "7.40"]
[White "Zillner, Wilhelm"]
[Black "Smith, Peter R"]
[Result "0-1"]
[WhiteElo "1902"]
[BlackElo "2049"]
[PlyCount "94"]
[EventDate "2018.11.18"]

1. e4 c5 2. Nf3 Nc6 3. d4 cxd4 4. Nxd4 g6 5. Nc3 Bg7 6. Nxc6 bxc6 7. Bd2 Rb8 8.
Rb1 Nf6 9. Bd3 O-O 10. O-O d5 11. h3 Be6 12. exd5 cxd5 13. Qf3 d4 14. Ne4 Nxe4
15. Bxe4 Bxa2 16. Ra1 Bc4 17. Rfd1 Qc7 18. b3 Bb5 19. Ra5 a6 20. Rc1 Rfc8 21.
Bd3 Qc6 22. Qe2 e6 23. Rca1 h5 24. Bf4 e5 25. Bxe5 Re8 26. Bxb5 axb5 27. f4 f6
28. Ra6 Qc3 29. Qe4 fxe5 30. Qxg6 exf4 31. Qxh5 Re5 32. Qg4 Re1+ 33. Rxe1 Qxe1+
34. Kh2 Re8 35. Rb6 Qg3+ 36. Qxg3 fxg3+ 37. Kxg3 Rc8 38. Rxb5 Rxc2 39. Rd5 Rc3+
40. Kg4 Rxb3 41. Rd7 Re3 42. h4 d3 43. h5 Re4+ 44. Kf3 Rd4 45. Rxd4 Bxd4 46. g4
Kg7 47. g5 Kf7 0-1

[Event "28th WSCC2018 - Open 50+"]
[Site "Bled"]
[Date "2018.11.25"]
[Round "7.41"]
[White "Theuer, Carsten"]
[Black "Cesar, Geovanny"]
[Result "1/2-1/2"]
[WhiteElo "1989"]
[BlackElo "1862"]
[PlyCount "115"]
[EventDate "2018.11.18"]

1. e4 c5 2. Nf3 Nc6 3. d4 cxd4 4. Nxd4 e5 5. Nb5 d6 6. N1c3 a6 7. Na3 Be6 8.
Be3 Nf6 9. Be2 Be7 10. f3 O-O 11. Nc4 d5 12. exd5 Nxd5 13. Nxd5 Qxd5 14. Qxd5
Bxd5 15. Nb6 Rad8 16. a3 Be6 17. Bd3 f5 18. O-O-O Nd4 19. Nc4 Bf6 20. Bxd4 Rxd4
21. Nd2 Rc8 22. Kb1 b5 23. Rhe1 Rc5 24. Nf1 a5 25. Ng3 g6 26. Ne2 Rd8 27. Nc1
a4 28. Be2 Rb8 29. c3 e4 30. f4 Kf7 31. Na2 Bxa2+ 32. Kxa2 Ke6 33. Rd2 h6 34.
Red1 Rb7 35. Rd6+ Kf7 36. Kb1 g5 37. fxg5 hxg5 38. R6d5 Rxd5 39. Rxd5 Ke6 40.
Rxb5 Rc7 41. Ra5 Be5 42. h3 Rb7 43. Bc4+ Kf6 44. Ra6+ Kg7 45. Rxa4 Bxc3 46. b3
Rd7 47. Be6 Rd2 48. Bxf5 e3 49. Re4 e2 50. Bg4 Rd1+ 51. Kc2 e1=Q 52. Rxe1 Rxe1
53. Kxc3 Kf6 54. a4 Ke5 55. a5 Kd6 56. a6 Kc7 57. Bf3 Kb6 58. Bb7 1/2-1/2

[Event "28th WSCC2018 - Open 50+"]
[Site "Bled"]
[Date "2018.11.25"]
[Round "7.43"]
[White "Buciu, Aurel-John"]
[Black "Gilbert, Michael A"]
[Result "1-0"]
[WhiteElo "1687"]
[BlackElo "1921"]
[PlyCount "37"]
[EventDate "2018.11.18"]

1. d4 c5 2. c3 Nf6 3. Nf3 g6 4. Bf4 Bg7 5. Nbd2 b6 6. e3 O-O 7. Bd3 d6 8. h3
Bb7 9. O-O Nbd7 10. Bg5 Re8 11. Re1 Qc7 12. Bc2 Rac8 13. Bf4 Nh5 14. Bh2 cxd4
15. exd4 e5 16. dxe5 dxe5 17. Ne4 Nc5 18. Qd6 Qxd6 19. Nxd6 {(26)} 1-0

[Event "28th WSCC2018 - Open 50+"]
[Site "Bled"]
[Date "2018.11.25"]
[Round "7.45"]
[White "Schneider, Waldemar"]
[Black "Ring, Rudolf"]
[Result "1-0"]
[WhiteElo "1738"]
[BlackElo "1745"]
[PlyCount "123"]
[EventDate "2018.11.18"]

1. d4 d5 2. c4 c6 3. e3 Nf6 4. Nc3 e6 5. Nf3 Bd6 6. b3 Nbd7 7. Bb2 O-O 8. Be2
Re8 9. O-O h6 10. Qc2 Ng4 11. e4 dxe4 12. Nxe4 Bc7 13. Rac1 Ngf6 14. Rfd1 Nxe4
15. Qxe4 Nf6 16. Qh4 b6 17. Ne5 Bb7 18. Bf3 Bxe5 19. dxe5 Nd7 20. Qd4 Nc5 21.
Qf4 Qc7 22. Rd6 Rad8 23. Rcd1 Rxd6 24. Rxd6 Nd7 25. Bh5 Re7 26. Qh4 Nf8 27. Qd4
c5 28. Qd3 Rd7 29. Qg3 Be4 30. Qf4 Bg6 31. Bf3 Bb1 32. a3 Bc2 33. b4 cxb4 34.
axb4 Bb3 35. Be2 a5 36. bxa5 bxa5 37. Ba3 a4 38. Qd4 Qc8 39. c5 Bd5 40. Qxa4
Rb7 41. h3 Nd7 42. Bd3 Bb3 43. Qe4 Nf8 44. Ba6 Bd5 45. Bxb7 Qxb7 46. Qb4 Qa8
47. f3 Ng6 48. Kh2 Nxe5 49. Qc3 Nc6 50. Bb2 f6 51. Qd3 Qa2 52. Bxf6 Qa4 53. Bc3
Qf4+ 54. Kg1 Qc1+ 55. Kf2 Qa3 56. Qe3 Qb3 57. Rd7 Qc2+ 58. Kg1 Qb1+ 59. Kh2 g5
60. Rxd5 exd5 61. Qe8+ Kh7 62. Qf7# 1-0

[Event "28th WSCC2018 - Open 50+"]
[Site "Bled"]
[Date "2018.11.25"]
[Round "7.46"]
[White "Muniraju, Narayanappa"]
[Black "De Meester, Johan"]
[Result "0-1"]
[WhiteElo "1259"]
[BlackElo "1720"]
[PlyCount "114"]
[EventDate "2018.11.18"]

1. d4 d5 2. c4 e6 3. Nc3 Nf6 4. Bg5 Be7 5. Nf3 h6 6. Bf4 a6 7. cxd5 exd5 8. Bd2
c6 9. e3 O-O 10. Be2 Bf5 11. O-O Nbd7 12. Be1 Re8 13. Bd3 Bxd3 14. Qxd3 Bd6 15.
h3 Nf8 16. Ne2 Ng6 17. a3 Ne4 18. Nd2 Qg5 19. Nf3 Qf6 20. Rc1 Ng5 21. Nxg5 Qxg5
22. Rc3 Nh4 23. Ng3 Re6 24. f4 Qe7 25. Bf2 Rg6 26. Kh1 Re8 27. Rg1 Qd7 28. Qf1
Nf5 29. Nxf5 Qxf5 30. Rb3 Qd7 31. Be1 Rge6 32. Qf3 Re4 33. Bf2 c5 34. dxc5 Bxc5
35. Rd3 Qe6 36. f5 Qe5 37. Rgd1 Qxb2 38. R1d2 Qb6 39. Rxd5 Bxa3 40. Rd7 Qc6 41.
Qh5 R4e7 42. Qd1 b5 43. Rxe7 Rxe7 44. Rc2 Qe4 45. Qd8+ Re8 46. Qd2 Bd6 47. Ra2
Qe5 48. g3 Qe4+ 49. Kh2 Be5 50. Rxa6 Rb8 51. Ra7 Qxf5 52. Rd7 b4 53. e4 Qxe4
54. Ba7 Rc8 55. Rd8+ Rxd8 56. Qxd8+ Kh7 57. Qd2 b3 0-1

[Event "28th WSCC2018 - Open 50+"]
[Site "Bled"]
[Date "2018.11.25"]
[Round "7.48"]
[White "De Winter, Gerard"]
[Black "Shashidhar, B Rai"]
[Result "1/2-1/2"]
[WhiteElo "1663"]
[BlackElo "1332"]
[PlyCount "99"]
[EventDate "2018.11.18"]

1. d4 d5 2. Nf3 Nf6 3. Bf4 e6 4. e3 c5 5. c3 a6 6. Nbd2 Nc6 7. h3 Be7 8. Bd3 c4
9. Bc2 b5 10. a3 Bb7 11. O-O O-O 12. e4 Nxe4 13. Nxe4 dxe4 14. Bxe4 Na5 15. Qe2
Bxe4 16. Qxe4 Qd5 17. Qxd5 exd5 18. Rae1 Bf6 19. Be5 Rfe8 20. Bxf6 gxf6 21. Nd2
Re6 22. Re3 Rae8 23. Rfe1 Nc6 24. g4 Kg7 25. Kg2 Kg6 26. Kg3 f5 27. Nf3 fxg4
28. hxg4 Rxe3 29. Rxe3 Rxe3 30. fxe3 f6 31. Kf4 Kf7 32. e4 Ne7 33. exd5 Nxd5+
34. Ke4 Ke6 35. Nh4 Ne7 36. Nf5 Nxf5 37. gxf5+ Kd6 38. Kf4 Kd5 39. Ke3 h5 40.
Kf3 h4 41. Kg4 Ke4 42. Kxh4 Kxf5 43. Kg3 Ke4 44. Kf2 f5 45. Ke2 f4 46. Kf2 f3
47. Ke1 a5 48. Kf2 Kf4 49. Ke1 Ke4 50. Kf2 1/2-1/2

[Event "28th WSCC2018 - Open 50+"]
[Site "Bled"]
[Date "2018.11.25"]
[Round "7.50"]
[White "Horackova, Isabela"]
[Black "Vieira, Alexandre Letizio"]
[Result "0-1"]
[WhiteElo "1125"]
[BlackElo "1810"]
[PlyCount "64"]
[EventDate "2018.11.18"]

1. d4 Nf6 2. Nf3 g6 3. Bf4 Bg7 4. e3 d6 5. Be2 O-O 6. O-O Nbd7 7. c3 Nh5 8.
Nbd2 Nxf4 9. exf4 c5 10. Re1 b6 11. a4 Bb7 12. Bf1 Nf6 13. h3 Nh5 14. g3 cxd4
15. cxd4 Rc8 16. b3 e6 17. h4 Rc3 18. Rc1 Rxc1 19. Qxc1 Qa8 20. Bg2 Bxd4 21.
Qc4 Bg7 22. Qd3 d5 23. Nd4 Qc8 24. Bh3 Bxd4 25. Qxd4 Qc5 26. Qxc5 bxc5 27. Nf3
d4 28. Ne5 Bd5 29. Rb1 Rb8 30. Nd7 Rc8 31. Bf1 Rc7 32. Ne5 Nf6 {(64)} 0-1